List of 300 colors - Statistics

General Stats
  • This quiz has been taken 603 times
  • The average score is 60 of 300
Answer Stats
Hint Answer % Correct
G Green
98%
B Blue
97%
B Black
96%
R Red
96%
Y Yellow
96%
W White
95%
O Orange
94%
P Purple
93%
B Brown
90%
P Pink
90%
G Grey
88%
G Gold
83%
S Silver
82%
M Magenta
78%
V Violet
78%
M Maroon
76%
L Lime
73%
T Tan
71%
N Navy
69%
B Beige
68%
I Indigo
68%
R Rose
65%
T Turquoise
65%
L Lemon
63%
R Ruby
62%
B Bronze
61%
E Emerald
61%
C Cyan
60%
A Aqua
59%
P Pear
59%
C Crimson
58%
P Peach
58%
T Teal
58%
O Olive
55%
L Lavender
54%
L Lilac
53%
S Scarlet
53%
S Sapphire
52%
C Copper
51%
C Cream
51%
M Mauve
50%
S Straw
48%
C Cherry
46%
S Strawberry
46%
A Amber
45%
g Grape
44%
R Raspberry
44%
S Salmon
43%
S Sand
43%
A Aquamarine
41%
I Ivory
41%
P Periwinkle
41%
A Apricot
40%
B Blueberry
40%
B Burgundy
40%
A Amethyst
39%
C Cerulean
39%
C Coral
39%
P Pine
39%
T Tangerine
39%
C Chartreuse
38%
C Chocolate
38%
J Jade
38%
O Opal
38%
K Khaki
37%
M Mint
37%
P Plum
37%
C Cobalt
35%
S Sienna
34%
W Water
34%
C Charcoal
33%
E Eggplant
33%
F Fuchsia
33%
M Melon
32%
T Topaz
32%
C Corn
31%
P Pearl
31%
T Tomato
31%
M Mustard
30%
G Garnet
28%
T Taupe
28%
V Vermillion
28%
A Azure
27%
E Eggshell
27%
M Mango
27%
S Sage
27%
W Watermelon
27%
W Wine
27%
O Ochre
26%
P Platinum
26%
M Mahogany
25%
R Rust
24%
A Auburn
23%
C Coffee
23%
D Dandelion
23%
E Ebony
23%
U Umber
23%
M Midnight
22%
O Orchid
22%
S Snow
22%
C Chestnut
21%
M Milk
21%
P Pineapple
21%
C Coal
20%
I Iris
20%
J Jet
20%
O Onyx
20%
P Pumpkin
20%
S Slate
20%
C Cornflower
19%
D Denim
19%
E Ecru
19%
M Marigold
19%
S Sepia
19%
M Blush
18%
U Ultramarine
18%
V Vanilla
18%
D Dirt
17%
P Puce
17%
Q Quartz
17%
S Saffron
17%
W Wheat
17%
C Canary
16%
C Cerise
16%
A Almond
15%
G Goldenrod
15%
M Mandarin
15%
M Mud
15%
A Avocado
14%
C Champagne
14%
S Smoke
14%
S Sunset
14%
B Bone
13%
B Brass
13%
C Coconut
13%
M Mocha
13%
C Camel
12%
W Wisteria
12%
L Lava
11%
M Magnolia
11%
M Maize
11%
M Mulberry
11%
N Nickel
11%
F Flame
10%
J Jasmine
10%
J Jasper
10%
P Peridot
10%
T Thistle
10%
C Carmine
9%
C Citrine
9%
A Asparagus
8%
B Buff
8%
C Cardinal
8%
F Fawn
8%
F Flax
8%
G Gunmetal
8%
P Persimmon
8%
P Pistachio
8%
R Russet
8%
C Claret
7%
D Desert
7%
H Honeydew
7%
L Licorice
7%
L Linen
7%
V Viridian
7%
C Cadet
6%
C Celadon
6%
C Citron
6%
H Heliotrope
6%
M Malachite
6%
A Alabaster
5%
I Inchworm
5%
L Lion
5%
P Peru
5%
P Prune
5%
S Seashell
5%
A Amaranth
4%
A Amazon
4%
B Byzantine
4%
F Firebrick
4%
I Iceberg
4%
M Moccasin
4%
S Shadow
4%
T Timberwolf
4%
A Aero
3%
A Arsenic
3%
B Beaver
3%
B Bisque
3%
B Bittersweet
3%
C Celeste
3%
C Cinnabar
3%
C Cornsilk
3%
L Liver
3%
M Manatee
3%
R Redwood
3%
S Soap
3%
T Tangelo
3%
T Tumbleweed
3%
T Tuscan
3%
A Aureolin
2%
B Bole
2%
B Burlywood
2%
C Capri
2%
C Cinereous
2%
D Drab
2%
E Eminence
2%
E Eucalyptus
2%
F Fandango
2%
F Flirt
2%
B Keppel
2%
M Madder
2%
M Mauvelous
2%
M Moonstone
2%
O Oxblood
2%
P Petal
2%
R Ruddy
2%
T Tiger's eye
2%
T Tooth
2%
V Verdigris
2%
V Veronica
2%
X Xanadu
2%
Z Zaffre
2%
A Alizarin
1%
B Bistre
1%
C Catawba
1%
C Coquelicot
1%
C Cordovan
1%
D Deer
1%
F Fallow
1%
F Feldgrau
1%
F Fulvous
1%
G Gamboge
1%
H Harlequin
1%
I Imperial
1%
I Independence
1%
I Isabelline
1%
J Jonquil
1%
K Kobi
1%
L Liberty
1%
L Livid
1%
L Lumber
1%
L Lust
1%
M Mantis
1%
M Myrtle
1%
O Olivine
1%
P Parchment
1%
P Patriarch
1%
P Phlox
1%
P Purpureus
1%
R Razzmatazz
1%
R Rosewood
1%
S Shampoo
1%
T Tuscany
1%
A Absolute Zero
0%
B Big Foot Feet
0%
B Bluetiful
0%
B Booger Buster
0%
C Cultured
0%
C Cyclamen
0%
F Folly
0%
F Frostbite
0%
F Fuzzy Wuzzy
0%
G Gainsboro
0%
G Glaucous
0%
G Grullo
0%
I Icterine
0%
I Irresistible
0%
K Kobe
0%
K Kobicha
0%
L Lanzones
0%
L Limerick
0%
L Lotion
0%
M Manhattan
0%
M Maya
0%
M Menthol
0%
M Mindaro
0%
M Ming
0%
M Mystic
0%
N Nyanza
0%
O Oxley
0%
P Popstar
0%
Q Quincy
0%
R Rackley
0%
R Rajah
0%
R Rhythm
0%
R Ruber
0%
R Rufous
0%
S Salem
0%
S Shandy
0%
S Skobeloff
0%
S Smitten
0%
S Sunglow
0%
S Sunray
0%
T Telemagenta
0%
T Temptress
0%
U Urobilin
0%
W Waterspout
0%
W Wenge
0%
X Xanthous
0%
Z Zinnwaldite
0%
No matching quizzes found
Score Distribution
Percent of People with Each Score
Percentile by Number Answered
Your Score History
You have not taken this quiz